000 00757nam a2200157 4500
001 6520
020 0 0 _a0908228058
100 0 0 _aMollison, Bill.
245 0 0 _aIntroduction to permaculture /
_b
_cBill Mollison. With Reny Mia Slay.
_h
260 0 0 _a
_bTagari Publications,
_c
300 0 0 _avi, 198 p.: ill, 29 cm.
504 _aIncludes bibliographical references and index.
520 _aPermaculture is the science and art of designing a permanent and sustainable agriculture. This book outlines permaculture planning and design methods, garden layouts, greenhouse and fencing strategies, integrating livestock and aquaculture with crops, land access, community funding systems and more.
650 0 0 _aPermaculture.
_x
999 _c5497
_d5497